Antworten mit gleichem Anfangs- und Endbuchstaben: H – I - Statistiken

Allgemein
  • Dieses Quiz wurde 366 mal gespielt
  • Das Durchschnittsergebnis liegt bei 14 aus 30
Antwortstatistiken
Hinweis Antwort % Korrekt
Gegenteil von niedrig hoch
99%
schmerzhafte Sehnsucht nach dem Zuhause Heimweh
87%
es ist zum Abtrocknen da Handtuch
85%
geschichtlich historisch
79%
Vorname von Böll, Harrer, Heine, Hertz und Lübke Heinrich
73%
In dieser Sprache wurde der größte Teil des Alten Testaments verfasst Hebräisch
69%
Paarhufer, Geweihträger (6 Buchstaben) Hirsch
69%
der meistvergebene Mädchenname in Deutschland der Jahre 2007 + 2008 Hannah
68%
Atem; leichter Luftzug; im übertragenen Sinne auch: geringes Maß, Anflug (von) Hauch
66%
alle 6 Monate halbjährlich
63%
Ablage auf der Beifahrerseite in Fahrzeugen Handschuhfach
57%
Redewendung für arm sein oder kaum zu essen haben: am ... nagen Hungertuch
55%
im Verborgenen, nicht öffentlich heimlich
54%
Man weiß nicht genau, wo diese Fußbekleidung erfunden wurde. Sie gilt aber als typisch niederländisch. Holzschuh
51%
wo Honig hergestellt wird Imkerei
49%
Buchstabenfolge auf sehr vielen Darstellungen des Kreuzes Jesu INRI
44%
oberer Abschluss eines Gebäudes Hausdach
37%
nützlich, förderlich; brauchbar hilfreich
36%
auf frischer Tat (aus dem Lateinischen; 2 Wörter) in flagranti
32%
französisch: hier ici
31%
Bürger oder Bürgerin eines vorderasiatischen Staates Israeli
27%
Stadt in Bayern, Sitz der Sportartikelhersteller Adidas und Puma Herzogenaurach
26%
Gründer des Automobilunternehmens "Audi": August ... Horch
26%
Vorname des Journalisten und Literaturkritikers Karasek (1934 – 2015) Hellmuth
23%
Nachname des Bundesliga-Torschützenkönigs von 1982, Spitzname: "Kopfballungeheuer" Hrubesch
23%
jemand, der rücksichtslose Geschäfte mit Gebäuden und Grundstücken betreibt Immobilienhai
23%
das antike Griechenland betreffend hellenisch
21%
ohne Befall von Ameisen, Flöhen, Käfern, Fliegen, Bienen, Wespen oder ähnlichen Tieren (12 Buchstaben) insektenfrei
21%
"gestern" auf Italienisch ieri
10%
Reise zum Beobachten und Fotografieren von Wildtieren, z. B. Königstigern und Asiatischen Elefanten, in einem bestimmten asiatischen Land (12 Buchstaben) Indiensafari
9%
Keine übereinstimmenden Quizze gefunden
Verteilung der Resultate
Anzahl Personen mit jedem Resultat
Perzentil nach korrekt beantworteten Fragen
Ihre Resultats-Entwicklung
Sie haben dieses Quiz noch nicht gespielt